Štylistika slovenčiny - trendy jej vývinu v súčasnosti

Bibliographic Details
Main Author: Mlacek, Jozef, 1937- (Author)
Format: Article
Language:Slovak
ISBN:8089137040
Subjects:

MARC

LEADER 00000naa a2200000 ar4500
001 vtls008987104
003 SK-MaSNL
005 20260302140424.0
008 070509c2004 xo |r|p|||||||000 b|slo
015 |a SNBRA2007/05  |2 snkbucl 
038 |a SNKBUCL 
040 |a SNKBUCL  |b slo  |c SNKBUCL  |e AACR2 
041 0 |a slo 
044 |a xo  |c SK 
080 |a 811.162.4`38  |2 2001 
080 |a 81`25:81`25  |2 2001 
080 |a 81`38  |2 2001 
080 |a 82.0:81`255.4:81`25  |2 2001 
100 1 |a Mlacek, Jozef,  |d 1937-  |4 aut 
245 1 0 |a Štylistika slovenčiny - trendy jej vývinu v súčasnosti  |c Jozef Mlacek 
504 |a Bibliogr. odkazy 
648 7 |a 20. stor., koniec  |2 snkbucl  |9 771169 
650 0 7 |a slovenčina  |2 snkbucl  |9 1350 
650 0 7 |a štylistika  |2 snkbucl  |9 870 
650 0 7 |a prekladateľ  |x štylistická kompetencia  |2 snkbucl  |9 826650 
773 0 |t Letná škola prekladu : zborník prednášok. 2, Kvalita prekladu a prekladateľské kompetencie  |d Bratislava : AnaPress, 2004  |g S. 105-118  |z 8089137040 
852 |a SNK  |b KIS3GCP 
958 |a LX 
958 |a SK 
958 |a NB 
999 |c 1330707  |d 1332637